1012 1955 1743 1206 1219 1702 1876 1738 1862 1508 1468 1733 1789 1769 1849 1517 1284 1656 1678 1779 1928 1121 1033 1008 1715 1482 1883 1254 1574 1586 1477 1284 1575 1788 1801 1151 1046 1532 1131 1977 1056 1029 1673 1610 1306 1671 1299 1544 1894 1128 1898 1423 1552 1025 1495 1530 1460 1491 1843 1381 1297 1932 1005 1471 1807 1594 1879 1649 1972 1112 1676 1018 1201 1269 1610 1193 1702 1503 1599 1606 1574 1109 1216 1882 1432 1655 1637 1243 1182 1883 1162 1700 1200 1571 1178 1205 1376 1203 1072 BCNSPRNW ULIB Ver.6.0+V

เปลี่ยนเป็นภาษาไทย

Change to English
 แสดงรายละเอียดบรรณานุกรม
  กลับหน้าหลัก

Brief Record : Get Marc (ISO 2709) : E-mail record : QR code < ปิดหน้าต่าง
LEADER : 00000nas 2200000uu 4500
001    13399123145
003     ULIB
008    140403s||||||||th 000 0 tha d
022 0  22866566
110 1  มหาวิทยาลัยเจ้าพระยา
245 00 วารสารวิชาการมหาวิทยาลัยเจ้าพระยา^cมหาวิทยาลัยเจ้าพระยา
246 0  Academic Journal Chaopraya Univercity
260    นครสวรรค์:^bมหาวิยาลัยเจ้าพระยา,^c
310    ^aราย 6 เดือน
850 ^a ULIB^bปีที่ 1 ฉบับที่ 2 ;ปีที่ 2 ฉบับที่ 1 ;ปีที่ 1 ฉบับที่ 2 ฉ.1 ;ปีที่ 2 ฉบับที่ 1 ฉ.1
945    ^p0^l0^i902144
945    ^p0^l0^i902145
945    ^p0^l0^i903606
945    ^p0^l0^i903607
999    ^aเกษร โพธิ์สุวรรณ
รายการนี้ยังไม่มีแท็ก
คุณยังไม่ได้ล็อกอิน คุณสามารถมีกิจกรรมร่วมกับเว็บไซต์ได้ แต่ต้องล็อกอินก่อน ::
  ล็อกอิน

รายการสื่อสารสนเทศ (วารสาร)

ดูแบบ: กล่อง รายการ
ARRIVED
ปีที่ 1 ฉบับที่ 2
สถานที่: ห้องสมุดวิทยาเขตสวรรค์ประชารักษ์ >วารสาร
ARRIVED
ปีที่ 2 ฉบับที่ 1
สถานที่: ห้องสมุดวิทยาเขตสวรรค์ประชารักษ์ >วารสาร

BibComment


ยังไม่เคยถูกคอมเมนท์

คอมเมนท์ทรัพยากรรายการนี้
  คอมเมนท์: วารสารวิชาการมหาว..


 Copyright 2026. Bcnsprnw @Library